CustomAir Services – The key to customer satisfaction and loyalty in the aviation industry

Bibliographic Details
Main Author: Rigó Krisztina
Other Authors: Papp Judit
Format: Thesis
Kulcsszavak:customer service
aviation
service quality
Online Access:http://dolgozattar.uni-bge.hu/18267

MARC

LEADER 00000nta a2200000 i 4500
001 dolg18267
005 20190909125416.0
008 181128suuuu hu om 000 eng d
040 |a BGE Dolgozattár Repozitórium  |b hun 
041 |a en 
100 1 |a Rigó Krisztina 
245 1 0 |a CustomAir Services – The key to customer satisfaction and loyalty in the aviation industry  |c Rigó Krisztina  |h [elektronikus dokumentum] 
246 1 1 |a CustomAir Services – The key to customer satisfaction and loyalty in the aviation industry 
695 |a customer service 
695 |a aviation 
695 |a service quality 
700 1 |a Papp Judit  |e ths 
856 4 0 |u http://dolgozattar.uni-bge.hu/18267/1/Krisztina_Rig%C3%B3_F7N867_Dissertation.pdf  |z Dokumentum-elérés